Certamen del trabajo organizado por el Excmo. Ayuntamiento de Bilbao (Record no. 90079)

MARC details
000 -LEADER
campo de control de longitud fija 00688nam a2200181 i 4500
001 - NÚMERO DE CONTROL
campo de control 90079
003 - IDENTIFICADOR DE NÚMERO DE CONTROL
campo de control ES-MaACL
005 - FECHA Y HORA DE LA ÚLTIMA TRANSACCIÓN
campo de control 20250910063110.0
007 - CAMPO FIJO DE DESCRIPCIÓN FÍSICA--INFORMACIÓN GENERAL
campo de control de longitud fija t|
008 - DATOS DE LONGITUD FIJA--INFORMACIÓN GENERAL
campo de control de longitud fija 050118s1907 sp ||||1| spa d
100 1# - ENTRADA PRINCIPAL--NOMBRE DE PERSONA
Nombre de persona Lazúrtegui, Julio de,
Fechas asociadas al nombre 1859-1943
9 (RLIN) 70825
245 10 - MENCIÓN DEL TÍTULO
Título Certamen del trabajo organizado por el Excmo. Ayuntamiento de Bilbao
Resto del título : discurso leído en el acto de la clausura verificado el 8 de septiembre de 1907 /
Mención de responsabilidad, etc. por Julio de Lazúrtegui.
260 ## - PUBLICACIÓN, DISTRIBUCIÓN, ETC.
Lugar de publicación, distribución, etc. Bilbao :
Nombre del editor, distribuidor, etc. [s.n.],
Fecha de publicación, distribución, etc. 1907 (
Fabricante Imp. de la Casa de Misericordia)
300 ## - DESCRIPCIÓN FÍSICA
Extensión 61 p. ;
Dimensiones 24 cm.
500 ## - NOTA GENERAL
Nota general Tema: Presente y porvenir de Vizcaya.
852 ## - LOCALIZACIÓN
Ubicación ES-MaACL
Número de control de estantería T-492-F-5
Holdings
Estatus retirado Estado de pérdida Estado de daño No para préstamo Colección Biblioteca de origen Biblioteca actual Ubicación en estantería Fecha de adquisición Fuente de adquisición Total de préstamos Signatura topográfica completa Código de barras Visto por última vez Precio de reemplazo Tipo de ítem Koha
        Colección de folletos Biblioteca del Ateneo de Madrid Biblioteca del Ateneo de Madrid Depósito folletos 17/01/2008     T-492-F-5 1094072 23/02/2023 23/02/2023 Folleto